[Event "BL 2324 SC Remagen Sinzig - Schachfreund"]
[Site "?"]
[Date "2024.01.13"]
[Round "5.2"]
[White "Plat, Vojtech"]
[Black "Kollars, Dmitrij"]
[Result "1-0"]
[WhiteElo "2516"]
[BlackElo "2632"]
[PlyCount "63"]
[EventDate "2024.??.??"]

1. e4 e5 2. Nf3 Nc6 3. d4 exd4 4. Nxd4 Nf6 5. Nxc6 bxc6 6. e5 Qe7 7. Qe2 Nd5 8. c4 Nb6 9. b3 a5 10. Ba3 d6 11. exd6 cxd6 12. Nc3 a4 13. Kd2 Be6 14. Qe3 Qc7 15. Bd3 Be7 16. Rhe1 O-O 17. Qg3 Qd8 18. Ne4 axb3 19. Bb2 g6 20. axb3 Nd7 21. Rxa8 Qxa8 22. Bc2 Qa5+ 23. Bc3 Qh5 24. Qe3 c5 25. h3 d5 26. cxd5 Qxd5+ 27. Ke2 Re8 28. Kf1 Bf5 29. g4 Bxe4 30. Bxe4 Qe6 31. Qf3 Rf8 32. Bc6 1-0

[Event "BL 2324 SC Remagen Sinzig - Schachfreund"]
[Site "?"]
[Date "2024.01.13"]
[Round "5.3"]
[White "Gustafsson, Jan"]
[Black "Burg, Twan"]
[Result "1/2-1/2"]
[WhiteElo "2618"]
[BlackElo "2522"]
[PlyCount "136"]
[EventDate "2024.??.??"]

1. d4 Nf6 2. c4 e6 3. Nc3 Bb4 4. Qc2 O-O 5. a3 Bxc3+ 6. Qxc3 d5 7. Bg5 dxc4 8. Qxc4 b6 9. Rd1 Ba6 10. Qa4 h6 11. Bh4 Qe7 12. Nf3 Rd8 13. e3 Bxf1 14. Rxf1 c5 15. dxc5 Rxd1+ 16. Kxd1 Qxc5 17. Bxf6 gxf6 18. Nd4 a6 19. Qe8+ Qf8 20. Qxf8+ Kxf8 21. Ke2 Nd7 22. Rc1 Ke7 23. e4 Rg8 24. g3 h5 25. h3 a5 26. Ke3 Nc5 27. b4 axb4 28. axb4 Nd7 29. Nc6+ Kd6 30. Na7 Ke7 31. Rc7 Kd6 32. Rc6+ Ke7 33. Nc8+ Kd8 34. Nxb6 Nxb6 35. Rxb6 Kc7 36. Rb5 h4 37. g4 Ra8 38. Ra5 Rb8 39. Ra7+ Kd6 40. Rxf7 Rxb4 41. Kf4 Rb3 42. Rxf6 Rxh3 43. Rh6 Rh1 44. f3 Rh3 45. Rf6 Rg3 46. Kg5 h3 47. f4 Re3 48. e5+ Kd5 49. Rg6 Rg3 50. Rh6 Rf3 51. Rh4 Ke4 52. Rh8 Rxf4 53. Rxh3 Rf8 54. Rh1 Kxe5 55. Re1+ Kd5 56. Kh6 e5 57. g5 e4 58. g6 Kd4 59. g7 Rg8 60. Kh7 Rxg7+ 61. Kxg7 e3 62. Kf6 Kd3 63. Ke5 Kd2 64. Ra1 e2 65. Ra2+ Kd1 66. Kd4 e1=Q 67. Ra1+ Ke2 68. Rxe1+ Kxe1 1/2-1/2

[Event "BL 2324 SC Remagen Sinzig - Schachfreund"]
[Site "?"]
[Date "2024.01.13"]
[Round "5.4"]
[White "Cyborowski, Lukasz"]
[Black "Zilka, Stepan"]
[Result "1/2-1/2"]
[WhiteElo "2489"]
[BlackElo "2611"]
[PlyCount "49"]
[EventDate "2024.??.??"]

1. c4 Nf6 2. Nf3 c5 3. Nc3 d5 4. cxd5 Nxd5 5. d4 cxd4 6. Qxd4 e6 7. e4 Nxc3 8. Qxc3 Nc6 9. Bb5 Bd7 10. O-O a6 11. Be2 Rc8 12. Bg5 f6 13. Be3 Qa5 14. Qxa5 Nxa5 15. Rac1 Rxc1 16. Rxc1 Nc6 17. Nd2 Kf7 18. Nc4 Be7 19. Rd1 Nb8 20. Na5 Rc8 21. Nxb7 Rc2 22. Rd2 Rc1+ 23. Rd1 Rc2 24. Rd2 Rc1+ 25. Rd1 1/2-1/2

[Event "BL 2324 SC Remagen Sinzig - Schachfreund"]
[Site "?"]
[Date "2024.01.13"]
[Round "5.5"]
[White "Dautov, Rustem"]
[Black "Jaracz, Pawel"]
[Result "1-0"]
[WhiteElo "2581"]
[BlackElo "2472"]
[PlyCount "91"]
[EventDate "2024.??.??"]

1. d4 Nf6 2. c4 e6 3. Nf3 b6 4. g3 Ba6 5. b3 Bb4+ 6. Bd2 Be7 7. Bg2 d5 8. cxd5 exd5 9. O-O O-O 10. Nc3 Re8 11. Qc2 Nbd7 12. Ne5 Bb7 13. Rfd1 Nf8 14. Bc1 Ne6 15. Bb2 Bd6 16. e3 a6 17. Rac1 c5 18. Nc4 cxd4 19. Nxd6 Qxd6 20. exd4 g6 21. Qd3 Bc6 22. Re1 b5 23. Nb1 b4 24. Nd2 Bb5 25. Qc2 Ra7 26. Qd1 Rae7 27. Re3 Nf8 28. Re5 N8d7 29. Nf3 Ne4 30. Rxe7 Qxe7 31. Ne5 f6 32. Nd3 Nf8 33. Nf4 Qd6 34. Qc2 g5 35. Nh5 Nd7 36. f3 Nd2 37. Rd1 Re2 38. Rxd2 Re1+ 39. Kf2 Qe6 40. g4 f5 41. gxf5 Qe3+ 42. Kg3 Kf7 43. Rf2 Bd3 44. Qd2 Bxf5 45. Qxe3 Rxe3 46. Bh3 1-0

[Event "BL 2324 SC Remagen Sinzig - Schachfreund"]
[Site "?"]
[Date "2024.01.13"]
[Round "5.6"]
[White "Dgebuadze, Alexandre"]
[Black "Heimann, Andreas"]
[Result "0-1"]
[WhiteElo "2441"]
[BlackElo "2549"]
[PlyCount "68"]
[EventDate "2024.??.??"]

1. d4 Nf6 2. Nf3 d5 3. c4 e6 4. e3 a6 5. a3 dxc4 6. Bxc4 b5 7. Ba2 c5 8. O-O Bb7 9. dxc5 Bxc5 10. Qxd8+ Kxd8 11. Nbd2 Ke7 12. Nb3 Bb6 13. Bd2 Nc6 14. Rfc1 Rhc8 15. Be1 Nd7 16. Bc3 g6 17. h3 Rc7 18. Rd1 Nf6 19. Ne5 Nxe5 20. Bxe5 Rcc8 21. Nd4 Ne4 22. Bh2 Rd8 23. Rac1 Rac8 24. Rxc8 Rxc8 25. f3 Nf6 26. Bg3 Bxd4 27. exd4 Rc2 28. Bh4 h6 29. d5 g5 30. dxe6 Rxb2 31. Ra1 gxh4 32. exf7 Kf8 33. Be6 Re2 34. Bb3 Bd5 0-1

[Event "BL 2324 SC Remagen Sinzig - Schachfreund"]
[Site "?"]
[Date "2024.01.13"]
[Round "5.7"]
[White "Krasenkow, Michal"]
[Black "Geirnaert, Steven"]
[Result "1-0"]
[WhiteElo "2533"]
[BlackElo "2437"]
[PlyCount "150"]
[EventDate "2024.??.??"]

1. d4 Nf6 2. c4 e6 3. Nc3 Bb4 4. e3 O-O 5. Bd3 d5 6. Nge2 c5 7. a3 dxc4 8. Bxc4 Bxc3+ 9. bxc3 e5 10. O-O Nc6 11. Bb2 Qb6 12. Qc2 Na5 13. Ba2 c4 14. Ng3 Be6 15. e4 Rad8 16. d5 Bc8 17. a4 Nd7 18. Ba3 Nc5 19. Bb4 Bd7 20. Qe2 Rfe8 21. Bxc4 Nxc4 22. Qxc4 Nxa4 23. Rfb1 Rc8 24. Qd3 Bb5 25. Qd2 a5 26. c4 Rxc4 27. Bxa5 Qa6 28. Bb4 Bd7 29. Qe3 b5 30. h3 Rec8 31. Qf3 Qb6 32. Nf5 Bxf5 33. Qxf5 Qd4 34. Rd1 Qxe4 35. Qxe4 Rxe4 36. Be7 Rc7 37. d6 Rd7 38. Rdb1 f6 39. Rxb5 Nc3 40. Rc5 Ra4 41. Re1 Re4 42. Rxe4 Nxe4 43. Rc7 Rxd6 44. Bxd6 Nxd6 45. Kf1 h5 46. Ke2 Nf5 47. Kd3 Kh7 48. Ke4 Kg6 49. Rd7 Nh4 50. g3 Nf5 51. Kd5 Nd4 52. Rb7 Nf3 53. Rb3 e4 54. Rb4 Ng5 55. h4 Nh3 56. Rb2 Kf5 57. Kd4 g5 58. Ke3 Ke5 59. Rb5+ Ke6 60. Kxe4 gxh4 61. gxh4 Nxf2+ 62. Kf3 Nd3 63. Rxh5 Ne5+ 64. Ke4 Kf7 65. Rf5 Kg6 66. h5+ Kg7 67. Rf1 Nf7 68. Kf5 Nd6+ 69. Kg4 Nf7 70. Ra1 Nh6+ 71. Kf4 Kf7 72. Ra7+ Ke6 73. Rb7 Ng8 74. Rg7 Nh6 75. Rg6 Kd5 {Ke4+} 1-0

[Event "BL 2324 SC Remagen Sinzig - Schachfreund"]
[Site "?"]
[Date "2024.01.13"]
[Round "5.8"]
[White "Muranyi, Karl-Jasmin"]
[Black "Kozul, Zdenko"]
[Result "0-1"]
[WhiteElo "2343"]
[BlackElo "2531"]
[PlyCount "84"]
[EventDate "2024.??.??"]

1. d4 Nf6 2. c3 d6 3. Bf4 Nbd7 4. e3 e5 5. Bg3 Ne4 6. Nd2 Nxg3 7. hxg3 g6 8. Ngf3 Bg7 9. a4 O-O 10. a5 a6 11. Be2 Qe7 12. Nc4 e4 13. Ng1 h6 14. Nh3 g5 15. Qb3 Nf6 16. Nd2 Rb8 17. Qa3 Be6 18. Bc4 Bf5 19. Kf1 Rfd8 20. Re1 Bf8 21. Qa2 c5 22. d5 Bg7 23. f4 g4 24. Nf2 h5 25. Rd1 Bg6 26. Be2 Nd7 27. Nc4 f5 28. Nb6 Bf6 29. Bc4 Kg7 30. Ke2 Rh8 31. Rdg1 Qd8 32. Qb3 Qc7 33. Kd2 Bd8 34. Nxd7 Qxd7 35. Bxa6 b5 36. axb6 Rxb6 37. Qa2 Bf6 38. Bc4 Qb7 39. b3 Ra8 40. Qb2 Ra4 41. Qc2 Rxc4 42. bxc4 Rb2 0-1

[Event "BL 2324 SC Ötigheim - FC Bayern Münche"]
[Site "?"]
[Date "2024.01.13"]
[Round "5.1"]
[White "Huschenbeth, Niclas"]
[Black "Iturrizaga Bonelli, Eduardo"]
[Result "1/2-1/2"]
[WhiteElo "2617"]
[BlackElo "2600"]
[PlyCount "64"]
[EventDate "2024.??.??"]

1. e4 c6 2. d4 d5 3. e5 Bf5 4. Nf3 e6 5. Be2 Nd7 6. O-O Ne7 7. c3 h6 8. a4 a6 9. Na3 Qc7 10. Nc2 c5 11. dxc5 Nxc5 12. Ncd4 Bh7 13. Be3 Nf5 14. Nxf5 Bxf5 15. Nd4 Qxe5 16. Nxf5 Qxf5 17. Re1 Be7 18. Bg4 Qd3 19. Bxc5 Qxd1 20. Raxd1 Bxc5 21. Rxd5 Rc8 22. Red1 a5 23. Rd7 b6 24. Rb7 O-O 25. Rdd7 Rb8 26. Rbc7 Rbc8 27. Rb7 Rb8 28. Rbc7 Rbc8 29. Ra7 Ra8 30. Rxa8 Rxa8 31. Bf3 Re8 32. Kf1 g6 1/2-1/2

[Event "BL 2324 SC Ötigheim - FC Bayern Münche"]
[Site "?"]
[Date "2024.01.13"]
[Round "5.2"]
[White "Lagarde, Maxime"]
[Black "Idani, Pouya"]
[Result "1/2-1/2"]
[WhiteElo "2642"]
[BlackElo "2602"]
[PlyCount "139"]
[EventDate "2024.??.??"]

1. e4 c5 2. Nc3 d6 3. d4 cxd4 4. Qxd4 Nc6 5. Qd2 g6 6. b3 Bh6 7. f4 Nf6 8. Bb2 O-O 9. O-O-O a5 10. a4 Qb6 11. Kb1 Nb4 12. Nf3 Bg4 13. Bc4 Rac8 14. h3 Bxf3 15. gxf3 Rxc4 16. bxc4 Rc8 17. Qd4 Qxd4 18. Rxd4 Bxf4 19. Nd5 Nfxd5 20. exd5 Be5 21. Re4 Bxb2 22. Kxb2 Kf8 23. Rhe1 Rc7 24. c5 Rxc5 25. Rxe7 Rxc2+ 26. Kb3 Rc8 27. R7e3 Nxd5 28. Rd3 Rc5 29. Red1 Nf4 30. Rxd6 b5 31. axb5 Rxb5+ 32. Kc4 Rb4+ 33. Kc3 Nxh3 34. Rh1 Ng5 35. Rd5 h6 36. Rxh6 Nxf3 37. Rxa5 Rg4 38. Kd3 Kg7 39. Rh1 Rb4 40. Ke3 Nh4 41. Kf2 f6 42. Ra7+ Kh6 43. Ra6 f5 44. Rg1 Rb2+ 45. Ke3 Rb8 46. Rf6 Re8+ 47. Kf2 Re5 48. Ra6 Re4 49. Rf6 Re5 50. Ra6 Rb5 51. Ke3 Rb3+ 52. Kf2 Rf3+ 53. Ke2 Rf4 54. Ke3 Re4+ 55. Kf2 Kh5 56. Ra8 Rf4+ 57. Ke3 Rg4 58. Rxg4 Kxg4 59. Kf2 f4 60. Ra6 g5 61. Ra5 Nf5 62. Rb5 Nh4 63. Rb6 Nf5 64. Rb5 Ng3 65. Re5 Kh4 66. Kf3 Nh5 67. Rf5 g4+ 68. Kg2 f3+ 69. Rxf3 gxf3+ 70. Kxf3 1/2-1/2

[Event "BL 2324 SC Ötigheim - FC Bayern Münche"]
[Site "?"]
[Date "2024.01.13"]
[Round "5.3"]
[White "Dragnev, Valentin"]
[Black "Bauer, Christian"]
[Result "1/2-1/2"]
[WhiteElo "2582"]
[BlackElo "2558"]
[PlyCount "99"]
[EventDate "2024.??.??"]

1. Nf3 Nf6 2. c4 c5 3. Nc3 Nc6 4. g3 g6 5. Bg2 Bg7 6. d4 cxd4 7. Nxd4 O-O 8. O-O Qa5 9. Nc2 d6 10. Bd2 Qh5 11. e4 Qxd1 12. Rfxd1 Be6 13. Nd5 Rfc8 14. Rac1 Nd7 15. b3 a5 16. f4 Kf8 17. Be3 Bxd5 18. Rxd5 Nb4 19. Nxb4 axb4 20. Bh3 Rc7 21. e5 Rxa2 22. exd6 exd6 23. Rxd6 f5 24. Rcd1 Re2 25. Bf2 Nc5 26. g4 fxg4 27. Bxg4 Re8 28. R6d5 Ne4 29. Bb6 Rc6 30. Ba5 Bc3 31. Bd7 Re7 32. Bxc6 bxc6 33. Rd8+ Kf7 34. Rc8 Nd2 35. Rxc6 Re2 36. Rc7+ Ke6 37. Rxh7 Nxb3 38. Bd8 Bd4+ 39. Kh1 Kf5 40. Rh3 Nd2 41. Rd3 Bc3 42. c5 Ne4 43. Bh4 Kg4 44. Bg3 Nxc5 45. Rd6 Ne6 46. Rg1 Kf5 47. Rd5+ Ke4 48. Rd6 Kf5 49. Rd5+ Ke4 50. Rd6 {Ke5} 1/2-1/2

[Event "BL 2324 SC Ötigheim - FC Bayern Münche"]
[Site "?"]
[Date "2024.01.13"]
[Round "5.4"]
[White "Cornette, Matthieu"]
[Black "Alonso Rosell, Alvar"]
[Result "1/2-1/2"]
[WhiteElo "2581"]
[BlackElo "2562"]
[PlyCount "75"]
[EventDate "2024.??.??"]

1. e4 c5 2. Nf3 a6 3. Nc3 b5 4. d4 cxd4 5. Nxd4 Bb7 6. Bd3 e6 7. O-O Nc6 8. Nxc6 Bxc6 9. a3 Ne7 10. f4 Ng6 11. Be3 Be7 12. Qh5 Nh4 13. g3 Ng6 14. f5 exf5 15. Rxf5 d6 16. Bd4 O-O 17. Nd5 f6 18. c4 Ne5 19. Qe2 Bxd5 20. exd5 bxc4 21. Bxc4 Qc8 22. Bd3 Qb7 23. Rd1 Bd8 24. Rf4 g6 25. Bxe5 fxe5 26. Rxf8+ Kxf8 27. Rf1+ Kg7 28. Kg2 a5 29. Qf3 Qe7 30. Bb5 Rb8 31. a4 Bb6 32. Qg4 Rf8 33. Rxf8 Qxf8 34. Qd7+ Kh6 35. Qh3+ Kg7 36. Qd7+ Kh6 37. Qh3+ Kg7 38. Qd7+ 1/2-1/2

[Event "BL 2324 SC Ötigheim - FC Bayern Münche"]
[Site "?"]
[Date "2024.01.13"]
[Round "5.5"]
[White "Bischoff, Klaus"]
[Black "Grigoriants, Sergey"]
[Result "1/2-1/2"]
[WhiteElo "2452"]
[BlackElo "2543"]
[PlyCount "50"]
[EventDate "2024.??.??"]

1. c4 e5 2. Nc3 Nf6 3. e3 Bb4 4. Nge2 d5 5. cxd5 Nxd5 6. Nxd5 Qxd5 7. a3 Be7 8. b4 O-O 9. Bb2 a5 10. Nc3 Qe6 11. b5 Nd7 12. Rc1 Rd8 13. Ne4 Qg6 14. Qc2 Nb6 15. Ng3 Qxc2 16. Rxc2 Bd6 17. Ne4 Be6 18. Be2 Na4 19. Nxd6 cxd6 20. Ba1 Rac8 21. Rxc8 Rxc8 22. O-O f6 23. f4 Nb6 24. Bc3 Bc4 25. Bg4 Bxf1 1/2-1/2

[Event "BL 2324 SC Ötigheim - FC Bayern Münche"]
[Site "?"]
[Date "2024.01.13"]
[Round "5.6"]
[White "Riehle, Marco"]
[Black "Johansson, Linus"]
[Result "1/2-1/2"]
[WhiteElo "2356"]
[BlackElo "2428"]
[PlyCount "125"]
[EventDate "2024.??.??"]

1. e4 e6 2. d4 d5 3. exd5 exd5 4. Nf3 Nf6 5. Bd3 c5 6. dxc5 Bxc5 7. O-O O-O 8. Nc3 h6 9. h3 Nc6 10. a3 a6 11. b4 Ba7 12. Bb2 Ne7 13. Ne2 Ng6 14. Ng3 Nf4 15. Be5 Nxd3 16. Qxd3 Be6 17. Rad1 Rc8 18. Rfe1 Re8 19. Bd4 Bxd4 20. Nxd4 Qc7 21. Re3 Bd7 22. Rde1 Rxe3 23. Rxe3 Qc4 24. Qd2 Qa2 25. Kh2 Qc4 26. Re5 Qc3 27. Qxc3 Rxc3 28. Re3 Rxe3 29. fxe3 Kf8 30. Kg1 g6 31. Kf2 Ke7 32. Ke2 h5 33. Kd3 Kd6 34. Nf3 Bc6 35. Ng5 Ke7 36. Kd4 Ne8 37. Ne2 Nd6 38. Kc5 Nc4 39. Nd4 Ba4 40. Kxd5 Nxe3+ 41. Kc5 Nxc2 42. Nxc2 Bxc2 43. g3 f6 44. Nf3 Be4 45. Nd4 g5 46. h4 Kd7 47. a4 Bg2 48. a5 Be4 49. Kb6 Kd6 50. Nb3 g4 51. Nc1 Ke5 52. Ne2 Bc6 53. Nf4 Ke4 54. Nxh5 Kf3 55. Nxf6 Kxg3 56. h5 Kf3 57. Nxg4 Kxg4 58. h6 Be4 59. b5 axb5 60. Kxb5 Kg5 61. Kb6 Kxh6 62. a6 bxa6 63. Kxa6 1/2-1/2

[Event "BL 2324 SC Ötigheim - FC Bayern Münche"]
[Site "?"]
[Date "2024.01.13"]
[Round "5.7"]
[White "Kurmann, Oliver"]
[Black "Georgiev, Kiril"]
[Result "1/2-1/2"]
[WhiteElo "2424"]
[BlackElo "2548"]
[PlyCount "53"]
[EventDate "2024.??.??"]

1. e4 e5 2. Nf3 Nc6 3. Bb5 a6 4. Ba4 Nf6 5. O-O Be7 6. Re1 b5 7. Bb3 d6 8. c3 O-O 9. h3 Nb8 10. d4 Nbd7 11. Nbd2 Bb7 12. Bc2 Re8 13. Nf1 Bf8 14. Ng3 g6 15. b3 c6 16. a4 Qc7 17. Bg5 Bg7 18. Qd2 Nf8 19. Bd3 Ne6 20. Be3 Rad8 21. Qc2 Rc8 22. b4 Nd7 23. Rad1 Qb8 24. Qa2 Ba8 25. axb5 axb5 26. Qa5 Red8 27. Bf1 1/2-1/2

[Event "BL 2324 SC Ötigheim - FC Bayern Münche"]
[Site "?"]
[Date "2024.01.13"]
[Round "5.8"]
[White "Heinz, Timothee"]
[Black "Rafiee, Makan"]
[Result "1/2-1/2"]
[WhiteElo "2372"]
[BlackElo "2279"]
[PlyCount "53"]
[EventDate "2024.??.??"]

1. e4 e5 2. Nf3 Nc6 3. Nc3 Nf6 4. d4 exd4 5. Nxd4 Bb4 6. Nxc6 bxc6 7. Bd3 d5 8. exd5 O-O 9. O-O Bg4 10. f3 Bh5 11. Bg5 Qd6 12. Kh1 Bxc3 13. bxc3 cxd5 14. Qe1 Bg6 15. Qg3 Qxg3 16. hxg3 Rfe8 17. Rfe1 Rab8 18. Rxe8+ Nxe8 19. Re1 f6 20. Be3 Nd6 21. Bxa7 Ra8 22. Bc5 Rxa2 23. Bxd6 cxd6 24. Bxg6 hxg6 25. Rd1 Rxc2 26. Rxd5 Rxc3 27. Rxd6 1/2-1/2

[Event "BL 2324 OSG Baden-Baden - MSA Zugzwang"]
[Site "?"]
[Date "2024.01.13"]
[Round "5.1"]
[White "Eljanov, Pavel"]
[Black "Vachier-Lagrave, Maxime"]
[Result "1/2-1/2"]
[WhiteElo "2704"]
[BlackElo "2734"]
[PlyCount "63"]
[EventDate "2024.??.??"]

1. d4 Nf6 2. c4 g6 3. g3 c6 4. Bg2 d5 5. Nf3 Bg7 6. cxd5 cxd5 7. Nc3 O-O 8. Ne5 Nc6 9. O-O Bf5 10. Be3 Rc8 11. Rc1 h5 12. Qb3 e6 13. Qxb7 Nxe5 14. dxe5 Ng4 15. Bxa7 h4 16. h3 Nxe5 17. g4 Bxg4 18. hxg4 Rc7 19. Qa6 h3 20. Bxh3 Qh4 21. Kg2 Nxg4 22. Nxd5 Rxc1 23. Rxc1 exd5 24. Rc8 Ne5 25. b3 d4 26. Qb7 Rxc8 27. Qxc8+ Kh7 28. Qb7 Qg5+ 29. Kf1 Qc1+ 30. Kg2 Qg5+ 31. Kf1 Qc1+ 32. Kg2 1/2-1/2

[Event "BL 2324 OSG Baden-Baden - MSA Zugzwang"]
[Site "?"]
[Date "2024.01.13"]
[Round "5.3"]
[White "Baidetskyi, Valentin"]
[Black "Vitiugov, Nikita"]
[Result "1/2-1/2"]
[WhiteElo "2499"]
[BlackElo "2686"]
[PlyCount "106"]
[EventDate "2024.??.??"]

1. e4 c5 2. Nf3 Nc6 3. Bb5 g6 4. O-O Bg7 5. c3 e5 6. d4 cxd4 7. cxd4 exd4 8. e5 Nge7 9. Bf4 a6 10. Ba4 O-O 11. Nbd2 b5 12. Bc2 Bb7 13. Re1 Qb6 14. Ne4 Nb4 15. Bb3 Nf5 16. Qd2 Nd5 17. Rad1 Rac8 18. g4 Nfe7 19. Bg5 Rc7 20. Qxd4 Qxd4 21. Rxd4 h6 22. Bf6 Rb8 23. Red1 Nxf6 24. exf6 Bxe4 25. Rxe4 Bxf6 26. Rd6 Rc6 27. Rxd7 Kf8 28. h4 g5 29. hxg5 hxg5 30. Ne5 Bxe5 31. Rxe5 Re8 32. Rxg5 Rf6 33. Kg2 Ng6 34. Kg3 Re2 35. Rf5 Rxf5 36. gxf5 Ne5 37. Rb7 Kg7 38. Rb6 Rxb2 39. f4 Nd7 40. Rb7 Rd2 41. Be6 fxe6 42. fxe6 Kf6 43. exd7 Ke7 44. f5 Rxd7 45. Rxd7+ Kxd7 46. Kf4 a5 47. Ke5 b4 48. Kd5 a4 49. Kc4 b3 50. axb3 axb3 51. Kxb3 Kd6 52. Ka2 Ke5 53. Ka1 Kxf5 1/2-1/2

[Event "BL 2324 OSG Baden-Baden - MSA Zugzwang"]
[Site "?"]
[Date "2024.01.13"]
[Round "5.4"]
[White "Wojtaszek, Radoslaw"]
[Black "Kindermann, Stefan"]
[Result "1/2-1/2"]
[WhiteElo "2674"]
[BlackElo "2438"]
[PlyCount "95"]
[EventDate "2024.??.??"]

1. d4 d5 2. c4 c6 3. Nf3 Nf6 4. Nc3 dxc4 5. a4 Bf5 6. Ne5 Nbd7 7. Nxc4 Nb6 8. Ne5 a5 9. e3 h6 10. f3 Nfd7 11. e4 Bh7 12. Nd3 e6 13. Be3 Bd6 14. Qb3 O-O 15. Be2 Qc7 16. g3 Nc8 17. Bf2 e5 18. Rc1 Qb8 19. dxe5 Nxe5 20. O-O Nxd3 21. Bxd3 Kh8 22. Bc4 Qc7 23. Ne2 Qe7 24. Nd4 Bb4 25. Bd3 Nb6 26. Nc2 Bc5 27. Ne3 Bb4 28. Rfd1 Nd7 29. Be2 Nc5 30. Qc2 Rfd8 31. Nc4 Nd7 32. Kg2 f6 33. Ne3 Ne5 34. Nf5 Bxf5 35. exf5 Rxd1 36. Rxd1 Rd8 37. f4 Rxd1 38. Bxd1 Nd7 39. Qc4 Nc5 40. Bc2 Qd6 41. Kf3 b5 42. axb5 cxb5 43. Qxb5 Qd5+ 44. Kg4 Qd2 45. Bxc5 Qxc2 46. Bxb4 axb4 47. Qe8+ Kh7 48. Qg6+ 1/2-1/2

[Event "BL 2324 OSG Baden-Baden - MSA Zugzwang"]
[Site "?"]
[Date "2024.01.13"]
[Round "5.5"]
[White "Kjartansson, Gudmundur"]
[Black "Kasimdzhanov, Rustam"]
[Result "1/2-1/2"]
[WhiteElo "2452"]
[BlackElo "2688"]
[PlyCount "96"]
[EventDate "2024.??.??"]

1. d4 d5 2. c4 e6 3. Nf3 c5 4. cxd5 exd5 5. Nc3 Nf6 6. Bg5 Be6 7. Bxf6 Qxf6 8. e4 Nd7 9. Bb5 O-O-O 10. O-O cxd4 11. Bxd7+ Rxd7 12. e5 Qd8 13. Nxd4 Kb8 14. f4 g6 15. Rf2 Bc5 16. Na4 Bxd4 17. Qxd4 Rc7 18. Rd1 Rc4 19. Qxc4 dxc4 20. Rxd8+ Rxd8 21. Nc3 a6 22. Kf1 b5 23. a3 Kc7 24. Ke1 Rd4 25. Ne2 Re4 26. Kd2 Kc6 27. h3 h5 28. Rf3 Kc5 29. Re3 Rxe3 30. Kxe3 h4 31. g3 hxg3 32. Nxg3 Bxh3 33. Ne4+ Kd5 34. Nc3+ Kc6 35. Kd4 Be6 36. Nd1 a5 37. Ne3 Kb6 38. Nc2 Kc6 39. Ne3 Kb6 40. Nc2 Bf5 41. Ne3 Kc6 42. Nd5 Bh3 43. Ne3 Be6 44. Nc2 Bg4 45. Ne3 Be2 46. Nd5 Bg4 47. Ne3 Be6 48. Nc2 Bf5 1/2-1/2

[Event "BL 2324 OSG Baden-Baden - MSA Zugzwang"]
[Site "?"]
[Date "2024.01.13"]
[Round "5.6"]
[White "Adams, Michael"]
[Black "Hertneck, Gerald"]
[Result "1/2-1/2"]
[WhiteElo "2674"]
[BlackElo "2437"]
[PlyCount "100"]
[EventDate "2024.??.??"]

1. e4 e6 2. d4 d5 3. Nd2 Nd7 4. Ngf3 Ne7 5. c3 g6 6. Bb5 Bg7 7. e5 c6 8. Ba4 a5 9. Bc2 c5 10. O-O Nc6 11. Re1 O-O 12. Nf1 cxd4 13. cxd4 f6 14. exf6 Nxf6 15. Ng3 Qb6 16. h3 Ne8 17. Be3 Nd6 18. Ne5 Nf5 19. Nxf5 exf5 20. Bb3 Be6 21. f3 Rad8 22. Bf2 Nxe5 23. dxe5 d4 24. Qd3 Rd7 25. Rad1 Rfd8 26. f4 Bh6 27. Qf3 Bxb3 28. axb3 Qe6 29. Rd3 Bf8 30. Rc1 Rd5 31. Rc7 Qb6 32. Rc8 R5d7 33. Rc4 Rd5 34. g4 fxg4 35. hxg4 g5 36. f5 Rxe5 37. Rdxd4 Rxd4 38. Bxd4 Bc5 39. Bxc5 Rxc5 40. Qe3 Rb5 41. Qxb6 Rxb6 42. b4 Rxb4 43. Rxb4 axb4 44. b3 Kf7 45. Kf2 Kf6 46. Kf3 Ke5 47. Kg3 Kd5 48. Kf3 h6 49. Kg3 Ke5 50. Kf3 Kd5 1/2-1/2

[Event "BL 2324 OSG Baden-Baden - MSA Zugzwang"]
[Site "?"]
[Date "2024.01.13"]
[Round "5.7"]
[White "Zysk, Robert"]
[Black "Naiditsch, Arkadij"]
[Result "0-1"]
[WhiteElo "2389"]
[BlackElo "2657"]
[PlyCount "132"]
[EventDate "2024.??.??"]

1. Nf3 Nf6 2. d4 g6 3. Nc3 d5 4. Bf4 Bg7 5. e3 O-O 6. Be2 Nh5 7. Be5 f6 8. Bg3 Nxg3 9. hxg3 c6 10. e4 e6 11. Qd2 Nd7 12. O-O-O Rf7 13. Bd3 b5 14. Qf4 Nf8 15. Qe3 a5 16. e5 fxe5 17. Nxe5 Bxe5 18. dxe5 a4 19. Ne2 b4 20. f4 Qe7 21. Nd4 c5 22. Nb5 b3 23. axb3 axb3 24. cxb3 c4 25. bxc4 Qb4 26. Qd4 Rb7 27. Qc3 Qc5 28. Bb1 dxc4 29. Nd4 Ra1 30. Nc2 Rb3 31. Qd4 Qxd4 32. Rxd4 c3 33. Rb4 cxb2+ 34. Kd2 Rxg3 35. Ne3 Ba6 36. Rxb2 Ra4 37. Re1 Rxf4 38. Rb6 Rf2+ 39. Kc3 Be2 40. Kd4 Bg4 41. Rb8 Bf5 42. Bxf5 gxf5 43. Kc5 Rd2 44. Nc4 Rd5+ 45. Kb4 Kg7 46. Ra1 Nd7 47. Ra7 Kh6 48. Rb5 Rb3+ 49. Kxb3 Rxb5+ 50. Kc3 Nxe5 51. Ra6 Nxc4 52. Rxe6+ Kg5 53. Kxc4 Rb2 54. Re7 Kf4 55. Rg7 h5 56. g3+ Ke4 57. Rg5 Rc2+ 58. Kb3 Rh2 59. Kc3 h4 60. gxh4 f4 61. h5 f3 62. Rg8 f2 63. Re8+ Kf3 64. Rf8+ Kg2 65. Rg8+ Kh1 66. Rf8 Kg1 0-1

[Event "BL 2324 OSG Baden-Baden - MSA Zugzwang"]
[Site "?"]
[Date "2024.01.13"]
[Round "5.8"]
[White "Movsesian, Sergei"]
[Black "Zeller, Frank"]
[Result "1-0"]
[WhiteElo "2604"]
[BlackElo "2335"]
[PlyCount "81"]
[EventDate "2024.??.??"]

1. e4 c5 2. Nf3 Nc6 3. Nc3 Nf6 4. d4 cxd4 5. Nxd4 d6 6. Bg5 g6 7. Bb5 Bd7 8. Bxf6 exf6 9. Nde2 Bg4 10. f3 Be6 11. f4 Bh6 12. f5 gxf5 13. exf5 Bxf5 14. Qd5 Qd7 15. Nd4 Be6 16. Qf3 O-O-O 17. O-O d5 18. Kh1 Rhg8 19. Na4 Qd6 20. Qc3 Rg4 21. Bxc6 bxc6 22. Nc5 Rdg8 23. Qa5 Rxd4 24. Qa6+ Kc7 25. Qxa7+ Kc8 26. Qb7+ Kd8 27. Nxe6+ fxe6 28. Qb6+ Ke7 29. Qxd4 f5 30. Qh4+ Bg5 31. Qxh7+ Kf8 32. a4 Bf6 33. Qh6+ Ke7 34. Qe3 Be5 35. h3 Rg3 36. Rf3 Rg8 37. a5 Bxb2 38. Rb1 Rb8 39. Rxf5 Rb4 40. Qg5+ Ke8 41. Qg8+ 1-0

[Event "BL 2324 USV TU Dresden - SV Mülheim Nor"]
[Site "?"]
[Date "2024.01.14"]
[Round "6.1"]
[White "Navara, David"]
[Black "Nisipeanu, Liviu-Dieter"]
[Result "1/2-1/2"]
[WhiteElo "2679"]
[BlackElo "2584"]
[PlyCount "175"]
[EventDate "2024.??.??"]

1. c4 Nf6 2. Nc3 e6 3. e4 d5 4. e5 d4 5. exf6 dxc3 6. bxc3 c5 7. fxg7 Bxg7 8. Qh5 e5 9. Ne2 O-O 10. g4 Nd7 11. g5 e4 12. Bg2 Re8 13. O-O Ne5 14. Bxe4 h6 15. f3 Qxg5+ 16. Qxg5 hxg5 17. d4 Nxc4 18. dxc5 Re5 19. Rd1 Bf5 20. Bxb7 Rb8 21. Ba6 Rxc5 22. Bxc4 Rxc4 23. Bxg5 Bxc3 24. Rac1 Rbc8 25. Be3 Bg7 26. Bxa7 Rc2 27. Kf2 Bf6 28. Rxc2 Rxc2 29. a3 Be7 30. a4 Ra2 31. Rd4 Bf6 32. Rf4 Bd3 33. Ke3 Bxe2 34. Rxf6 Rxa4 35. Bd4 Bd1 36. h4 Ra3+ 37. Ke4 Bc2+ 38. Kf4 Bd1 39. Kg4 Rd3 40. Rd6 f6 41. Kf5 Rxf3+ 42. Ke6 Bb3+ 43. Ke7 Kg7 44. Bxf6+ Kg6 45. Bg5+ Kh5 46. Rd4 Rf7+ 47. Kd6 Rf5 48. Rb4 Ba2 49. Rb6 Rd5+ 50. Ke7 Rxg5 51. hxg5 Kxg5 52. Rb2 Bc4 53. Rf2 Bb3 54. Kd6 Kg6 55. Ke5 Kg7 56. Rf6 Bc4 57. Kf5 Bd3+ 58. Kg5 Bc2 59. Rc6 Bd3 60. Rc7+ Kg8 61. Kf6 Be4 62. Rc4 Bb1 63. Rb4 Bc2 64. Rb2 Be4 65. Re2 Bd3 66. Re3 Bb1 67. Rg3+ Kh8 68. Rh3+ Kg8 69. Re3 Kh8 70. Re2 Bd3 71. Rd2 Bh7 72. Rd8+ Bg8 73. Rc8 Kh7 74. Rc7+ Kh8 75. Kg6 Bd5 76. Rc8+ Bg8 77. Kf6 Kh7 78. Rc1 Bb3 79. Rc7+ Kh8 80. Kg6 Bd5 81. Rd7 Bc4 82. Rd2 Bb3 83. Rd8+ Bg8 84. Rd7 Bb3 85. Rc7 Bd5 86. Rc5 Bb3 87. Rc8+ Bg8 88. Kh6 1/2-1/2

[Event "BL 2324 USV TU Dresden - SV Mülheim Nor"]
[Site "?"]
[Date "2024.01.14"]
[Round "6.2"]
[White "Bartel, Mateusz"]
[Black "Nguyen, Thai Dai Van"]
[Result "1/2-1/2"]
[WhiteElo "2657"]
[BlackElo "2632"]
[PlyCount "88"]
[EventDate "2024.??.??"]

1. e4 e5 2. Nf3 Nc6 3. Nc3 Nf6 4. Nd5 Bc5 5. c3 Nxe4 6. d4 exd4 7. cxd4 Bb4+ 8. Nxb4 Nxb4 9. a3 Nd5 10. Bd3 Nef6 11. O-O O-O 12. Bd2 d6 13. h3 h6 14. Qc1 Re8 15. Bxh6 gxh6 16. Qxh6 Ne4 17. Bxe4 Rxe4 18. Ng5 Bf5 19. Nxe4 Bxe4 20. Rfe1 Qf6 21. Qxf6 Nxf6 22. f3 Bc6 23. Kf2 a5 24. g4 a4 25. Kg3 Ra5 26. Re3 Nd5 27. Rd3 Rb5 28. Rb1 Rb3 29. Rxb3 axb3 30. Kf2 Nb6 31. Ke3 Na4 32. h4 Bd5 33. f4 f5 34. gxf5 Kh7 35. f6 Kg6 36. Rg1+ Kxf6 37. h5 Bf7 38. h6 Bg6 39. Kd2 Nxb2 40. Kc3 Nd3 41. f5 Bxf5 42. Kxb3 Nf4 43. a4 Ne6 44. d5 Nc5+ 1/2-1/2